Farrukhī Sīstānī : (Record no. 50321)
[ view plain ]
| 000 -LEADER | |
|---|---|
| fixed length control field | 00848cam a22002291 4500 |
| 001 - CONTROL NUMBER | |
| control field | ne 68001525 |
| 003 - CONTROL NUMBER IDENTIFIER | |
| control field | DLC |
| 005 - DATE AND TIME OF LATEST TRANSACTION | |
| control field | 20260227111841.0 |
| 008 - FIXED-LENGTH DATA ELEMENTS--GENERAL INFORMATION | |
| fixed length control field | 901109s1962 ir 000 0 perr |
| 010 ## - LIBRARY OF CONGRESS CONTROL NUMBER | |
| LC control number | ne 68001525 |
| 035 ## - SYSTEM CONTROL NUMBER | |
| System control number | (OCoLC)22659157 |
| 040 ## - CATALOGING SOURCE | |
| Original cataloging agency | DLC |
| Transcribing agency | CU |
| Modifying agency | DLC |
| 042 ## - AUTHENTICATION CODE | |
| Authentication code | premarc |
| 050 00 - LIBRARY OF CONGRESS CALL NUMBER | |
| Classification number | PK6451.F44 |
| Item number | Z9 |
| 100 1# - MAIN ENTRY--PERSONAL NAME | |
| Personal name | Yūsufī, Ghulām Ḥusayn. |
| 245 10 - TITLE STATEMENT | |
| Title | Farrukhī Sīstānī : |
| Remainder of title | baḥs̲ī dar sharḥ-i aḥvāl va rūzigār va shiʻr-i ū / |
| Statement of responsibility, etc. | taʼlīf-i Ghulāmḥusayn Yūsufī. |
| 260 ## - PUBLICATION, DISTRIBUTION, ETC. | |
| Place of publication, distribution, etc. | Mashhad, |
| Name of publisher, distributor, etc. | Kitabfurūshī Bāstān, |
| Date of publication, distribution, etc. | 1341 [1962] |
| 300 ## - PHYSICAL DESCRIPTION | |
| Extent | 16, 685 p. |
| Dimensions | 25 cm. |
| 500 ## - GENERAL NOTE | |
| General note | Added t. p.: Farrokhi-e Sistāni, a survey of his life time and his time and his poetry, by Gholam-Hossein Yousofi. |
| 504 ## - BIBLIOGRAPHY, ETC. NOTE | |
| Bibliography, etc. note | Bibliography: p. [619]-633. |
| 600 10 - SUBJECT ADDED ENTRY--PERSONAL NAME | |
| Personal name | Farrukhī, ʻAlī ibn Jūlūgh, |
| Dates associated with a name | -1037 or 1038. |
No items available.